01426cam a2200349 a 4500001000700000003000400007005001700011008004100028010001700069020002300086020002300109020003000132020003000162040001800192043002100210082001500231100002300246245010000269260012200369300003900491490002800530500009200558504006400650650005800714650006600772650003400838650003700872700002100909700003400930710006600964830004601030641656OSt20230602110156.0930609s1993 enkab b 101 0 eng  a 93150108  a0852552165 (cloth) a0852552157 (paper) a0821410296 (U.S. : cloth) a0821410458 (U.S. : paper) aDLCcDLCdDLC af-ke---af-tz--- a967.6bSPE cThomas Speard199300aBeing Maasai :bethnicity & identity in East Africa /cedited by Thomas Spear & Richard Waller. aLondon :bJ. Currey ;aDar es Salaam :bMkuki na Nyota ;aNairobi :bEAEP ;aAthens :bOhio University Press,cc1993. axi, 322 p. :bill., maps ;c23 cm.1 aEastern African studies aChiefly papers presented at the African Studies Association Meeting in Atlanta in 1989. aIncludes bibliographical references (p. 303-316) and index. 0aMaasai (African people)xEthnic identityvCongresses. 0aMaasai (African people)xSocial life and customsvCongresses. 0aEthnicityzKenyavCongresses. 0aEthnicityzTanzaniavCongresses.1 aSpear, Thomas T.1 aWaller, Richardq(Richard D.)2 aAfrican Studies Association.bMeetingd(1989 :cAtlanta, Ga.) 0aEastern African studies (London, England)